000
00320nam a2200109Ia 4500
008
171211s9999 xx 000 0 und d
245
_a
Blackpentecostal Breath: The Aesthetics of Possibility
245
_c
Ashon T. Crawley
260
_c
2016
650
_x
Religion
856
_u
http://down.ebook777.com/064/0823274551.pdf
999
_c
350443
_d
350443